Statistics for Racing Club de Ferrol Squad 2023-2024

Click here to take the quiz!

General Stats

  • This quiz has been taken 2 times
  • The average score is 8 of 27

Answer Stats

#PositionNationPlayer% Correct
12DFSpainÁlex Martín
100%
23FWSpainCarlos Vicente
100%
8MFSpainÁlex López
50%
25GKSpainAnder Cantero
50%
18DFSpainBrais Martínez
50%
-CoachSpainCristóbal Parralo
50%
1GKArgentinaGianfranco Gazzaniga
50%
7FWSpainHéber Pena
50%
22FWSpainIker Losada
50%
4DFSpainJon García
50%
10MFSpainJosep Señé
50%
11FWSpainNacho Sánchez
50%
23FWSpainNico Serrano
50%
20FWSpainÁlvaro Giménez
0%
14FWSpainÁlvaro Vadillo
0%
17MFSpainChuca
0%
15DFSpainDavid Castro
0%
13GKSpainEmilio Bernad
0%
5DFSpainEnrique Clemente
0%
16MFSpainFran Manzanara
0%
6MFSpainJesús Bernal
0%
2DFSpainJulián Delmás
0%
9FWSpainManu Justo
0%
21DFSpainMoi Delgado
0%
3MFSpainÓscar Pinchi
0%
19FWSpainSabin Merino
0%
24DFSpainSergio Cubero
0%

Score Distribution

Percentile by Number Answered

Percent of People with Each Score

Your Score History

You have not taken this quiz